Flüsse Nordrhein-Westfalens Karten-Quiz - Statistiken

Allgemein
  • Dieses Quiz wurde 432 mal gespielt
  • Das Durchschnittsergebnis liegt bei 11 aus 20
Antworten auf der Karte
Die Antworten werden auf der Karte rot bzw. grün angezeigt, abhängig davon wie oft sie richtig erraten wurden.
 
Antwortstatistiken
Antwort % Korrekt
Rhein
90%
Ruhr
89%
Wupper
84%
Düssel
76%
Lippe
75%
Weser
72%
Sieg
72%
Ems
70%
Maas
69%
Erft
57%
Emscher
52%
Rur
48%
Issel
46%
Möhne
38%
Lenne
36%
Niers
36%
Diemel
32%
Bigge
30%
Vechte
25%
Emmer
15%
Keine übereinstimmenden Quizze gefunden
Verteilung der Resultate
Anzahl Personen mit jedem Resultat
Perzentil nach korrekt beantworteten Fragen
Ihre Resultats-Entwicklung
Sie haben dieses Quiz noch nicht gespielt